000 00539nam a2200121Ia 4500
008 171212s9999 xx 000 0 und d
020 _a9780833044785
100 _aRidgeway, Greg;Pierce, Glenn L.;Braga, Anthony A.;Tita, George;Wintemute, Garen
245 _cRidgeway, Greg;Pierce, Glenn L.;Braga, Anthony A.;Tita, George;Wintemute, Garen
_aStrategies for Disrupting Illegal Firearm Markets
_bA Case Study of Los Angeles
260 _bRAND Corporation
_c2008
650 _aPolitical Science
856 _uwww.jstor.org/stable/10.7249/tr512nij
999 _c352572
_d352572